000 00792nam a2200289Ia 4500
005 20260324115155.0
008 008 260324s9999 xx 000 0 eng d
020 _a9781003448037
037 _aEBOOK
040 _aCRL
040 _beng
040 _cCRL
041 _2eng
041 _aeng
084 _qCRL
100 _aChris M. Golde; Jan E. Allen
_91153642
245 4 _aThe Productive Graduate Student Writer
245 0 _bHow to Manage Your Time, Process, and Energy to Write Your Research Proposal, Thesis, and Dissertation and Get Published
260 _bTaylor and Francis
260 _c2019
365 _a
365 _b230
856 _uhttp://www.taylorfrancis.com/books/9781003448037
942 _cEBOOK
999 _c1744329
_d1744329